La responsabilité médicale: secret médical, déclarations de naissance. - Inhumations, expertises médico-légales
Gardado en:
| Autor Principal: | |
|---|---|
| Formato: | Libro |
| Idioma: | francés |
| Publicado: |
París
J. B. Baillière et Fils
1898
|
| Series: | Cours de Médecine Légale
|
| Subjects: | |
| Tags: |
Engadir etiqueta
Sen Etiquetas, Sexa o primeiro en etiquetar este rexistro!
|
MARC
| LEADER | 00000nam a2200000 a 4500 | ||
|---|---|---|---|
| 001 | UCT8955 | ||
| 003 | CL-VaPUC | ||
| 008 | 970326e18980000FR |||||||||||||||||fre|d | ||
| 082 | 0 | 4 | |a 344.04 |b BRO |2 21 |
| 100 | 0 | |a Brouardel, P |e author |9 381263 | |
| 245 | 1 | 3 | |a La responsabilité médicale: secret médical, déclarations de naissance. - Inhumations, expertises médico-légales |
| 300 | |a 451 p | ||
| 942 | |c BK | ||
| 945 | |d 19970326 00:00:00 |a lriquelm | ||
| 260 | |a París |b J. B. Baillière et Fils |c 1898 | ||
| 650 | 0 | |a Responsabilidad médica |9 357519 | |
| 650 | 7 | |a SECRETO MEDICO |2 CL-VaPUC |9 373581 | |
| 650 | 0 | |a Ética médica |9 312024 | |
| 650 | 0 | |a Médicos |9 339460 | |
| 650 | 7 | |a PERITAJE MEDICO-LEGAL |2 CL-VaPUC |9 381264 | |
| 583 | |a last modification |c 19970326 00:00:00 |k Rodrigo Vera | ||
| 490 | 0 | |a Cours de Médecine Légale | |
| 999 | |c 257426 |d 257424 | ||
| 952 | |0 0 |1 0 |4 0 |6 344_040000000000000_BRO_1898 |7 0 |8 X |9 280876 |a BIBDER |b BIBDER |d 2019-11-19 |i 1816780 |o 344.04 BRO 1898 |p 1816780 |r 2023-01-25 |w 2019-11-19 |y BK_X |k DER | ||